000 00312nam a22001337a 4500
020 _a81-86308-62-8
041 _aENG
100 _aBhatia.K.B
245 _aMaintenance And Control OF Electrical Equipments
260 _aDelhi
_bStandard Pub
_c1999
300 _a110
650 _aEOES
856 _uEOES ( 14 )
999 _c1107
_d1107